Zgadnij co to za postać z Miraculous | Część #7 - Statystyki

Ogólne statystyki
  • Ten quiz został rozwiązany 70 razy
  • Średni wynik to 11 z 16
Statystyki odpowiedzi
Obrazkowy Odpowiedź % Poprawnych
Tiki
100%
Plagg
97%
Pollen
92%
Trixx
92%
Nooroo
84%
Sass
82%
Duusu
68%
Kaalki
68%
Wayzz
66%
Fluff
63%
Mullo
55%
Orikko
55%
Longg
50%
Xuppu
47%
Roaar
39%
Daizzi
24%
Nie znaleziono quizów pasujących do podanych kryteriów
Rozkład punktacji
Procent ludzi z każdym wynikiem
Percentyl według liczby udzielonych odpowiedzi
Twoja historia wyników
Nie rozwiązałeś tego quizu